الديه في الشريعة الإسلامية / (رقم التسجيلة. 2316)

تفاصيل مارك
000 -الفاتح
عناصر البيانات ثابتة الطول 00643cam a2200193 i 4500
005 - تاريخ ووقت آخر معاملة
حقل ضبط 20251215085615.0
008 - عناصر البيانات ثابتة الطول
عناصر البيانات ثابتة الطول 250721s1988 ua gr 000 0 ara d
082 14 - رقم تصنيف ديوي العشري
رقم التصنيف 216,8
رقم المادة ا ح م
100 1# - مدخل رئيسي – اسم شخصي
الاسم الشخصي بهنسي، أحمد فتحي
علاقة الشخص بالعمل/ دوره مؤلف.
245 12 - بيان العنوان
العنوان الديه في الشريعة الإسلامية /
بيان المسؤولية الدكتولر أحمد فتحي بهنسي.
250 ## - بيان الطبعة
بيان الطبعة الطبعة الرابعة.
264 1# - بيانات النشر، التوزيع…إلخ
مكان النشر، التوزيع...إلخ القاهرة :
اسم الناشر، الموزع...إلخ دار الشروق،
تاريخ النشر، التوزيع...إلخ 1988.
300 ## - الوصف المادي
عدد الوحدات المكونة للوعاء 185 صفحة.
650 17 - مدخل إضافي بالموضوع - مصطلح موضوعي
مصطلح موضوعي أو اسم جغرافي كعنصر مدخل الإسلام.
650 17 - مدخل إضافي بالموضوع - مصطلح موضوعي
مصطلح موضوعي أو اسم جغرافي كعنصر مدخل الفقه.
650 17 - مدخل إضافي بالموضوع - مصطلح موضوعي
مصطلح موضوعي أو اسم جغرافي كعنصر مدخل العقوبات.
942 ## - بيانات إضافية (كوها)
نوع التنصيف Dewey Decimal Classification
نوع المادة (كوها) كتب
المقتنيات
حالة السحب حالة الفقدان مصدر التصنيف حالة التلف غير قابل للإعارة المكتبة الرئيسية المكتبة الحالية موقع الرف تاريخ التزويد الرقم المتسلسل Total Checkouts رقم الإستدعاء الباركود تاريخ آخر ظهور تاريخ الفاتورة نوع المادة (كوها)
    Dewey Decimal Classification     المكتبة المركزية المكتبة المركزية الإعارة 06/07/2004 173698   216,8 / أ ح م 173698 28/07/2025 06/07/2004 كتب
Implemented & Customized by: BBB with SCIT (Smart Chains for Information Technology)

Powered by Koha